[Event "UKR-ch Women 2020"]
[Site "Kherson"]
[Date "2020.12.13"]
[Round "8.6"]
[White "Martynkova, Olena"]
[Black "Dubovyk, Anastasiia"]
[Result "0-1"]
[WhiteElo "2222"]
[BlackElo "1971"]
[Annotator "NA"]
[PlyCount "64"]
[EventDate "2020.12.06"]
[EventType "swiss"]
[EventCountry "UKR"]
[SourceTitle "playchess.com"]
[Source "ChessBase"]
[SourceQuality "1"]
[TimeControl "40/5400+30:1800+30"]

1. d4 {[%emt 0:00:00]} Nf6 {[%emt 0:00:03]} 2. c4 {[%emt 0:00:00]} d6 {[%emt 0:00:24]} 3. g3 {[%emt 0:00:42]} g6 {[%emt 0:00:33]} 4. Bg2 {[%emt 0:00:21]} Bg7 {[%emt 0:00:14]} 5. Nf3 {[%emt 0:00:23]} O-O {[%emt 0:00:29]} 6. O-O {[%emt 0:00:17]} Nbd7 {[%emt 0:00:22]} 7. Nc3 {[%emt 0:00:24]} e5 {[%emt 0:00:15]} 8. e4 {[%emt 0:00:28]} exd4 {[%emt 0:00:20]} 9. Nxd4 {[%emt 0:00:11]} Re8 {[%emt 0:00:20]} 10. h3 {[%emt 0:00:36]} a6 {[%emt 0:00:26]} 11. Be3 {[%emt 0:02:03]} Rb8 {[%emt 0:00:20]} 12. b3 {[%emt 0:01:43]} Ne5 {[%emt 0:00:45]} 13. Re1 {[%emt 0:03:47]} Bd7 {[%emt 0:10:08]} 14. a4 {[%emt 0:14:11]} Qc8 {[%emt 0:05:51]} 15. f4 {[%emt 0:08:08]} Nc6 {[%emt 0:05:45]} 16. Kh2 {[%emt 0:02:05]} h5 {[%emt 0:17:12]} 17. Nxc6 {[%emt 0:26:13]} bxc6 {[%emt 0:03:15]} 18. Qc2 {[%emt 0:01:26]} h4 {[%emt 0:04:35]} 19. g4 {[%emt 0:04:17]} Bxg4 {[%emt 0:22:14]} 20. hxg4 {[%emt 0:03:04]} Qxg4 {[%emt 0:01:42]} 21. Ne2 {[%emt 0:08:41]} h3 {[%emt 0:04:14]} 22. Bxh3 {[%emt 0:03:01]} Qh4 {[%emt 0:02:35]} 23. Nc3 {[%emt 0:03:10]} Nh5 {[%emt 0:05:36]} 24. Ne2 {[%emt 0:05:19]} Bxa1 {[%emt 0:02:41]} 25. Rxa1 {[%emt 0:00:08]} Nf6 {[%emt 0:03:21]} 26. Bd4 {[%emt 0:03:18]} Rxe4 {[%emt 0:04:56]} 27. Bg1 {[%emt 0:02:18]} Rbe8 {[%emt 0:03:42]} 28. Ng3 {[%emt 0:01:09]} Rxf4 {[%emt 0:01:03]} 29. Rf1 {[%emt 0:01:23]} Ng4+ {[%emt 0:00:26]} 30. Kg2 {[%emt 0:00:02]} Ne3+ {[%emt 0:00:21]} 31. Bxe3 {[%emt 0:00:07]} Rxe3 {[%emt 0:00:09]} 32. Rxf4 {[%emt 0:00:12]} Rxg3+ {[%emt 0:00:29]} 0-1

[Event "UKR-ch Women 2020"]
[Site "Kherson"]
[Date "2020.12.13"]
[Round "8.7"]
[White "Yeshchenko, Uliana"]
[Black "Grigorchuk, Katerina"]
[Result "0-1"]
[WhiteElo "1872"]
[BlackElo "1767"]
[Annotator "NA"]
[PlyCount "72"]
[EventDate "2020.12.06"]
[EventType "swiss"]
[EventCountry "UKR"]
[SourceTitle "playchess.com"]
[Source "ChessBase"]
[SourceQuality "1"]
[TimeControl "40/5400+30:1800+30"]

1. e4 {[%emt 0:00:00]} c5 {[%emt 0:00:00]} 2. Nf3 {[%emt 0:00:00]} Nc6 {[%emt 0:00:00]} 3. d4 {[%emt 0:00:00]} cxd4 {[%emt 0:00:00]} 4. Nxd4 {[%emt 0:00:00]} Nf6 {[%emt 0:00:17]} 5. Nc3 {[%emt 0:00:00]} e5 {[%emt 0:00:21]} 6. Ndb5 {[%emt 0:00:00]} d6 {[%emt 0:00:14]} 7. Bg5 {[%emt 0:00:00]} a6 {[%emt 0:00:08]} 8. Na3 {[%emt 0:00:03]} b5 {[%emt 0:00:05]} 9. Bxf6 {[%emt 0:00:04]} gxf6 {[%emt 0:01:04]} 10. Nd5 {[%emt 0:00:03]} f5 {[%emt 0:05:57]} 11. Bxb5 {[%emt 0:00:15]} axb5 {[%emt 0:02:36]} 12. Nxb5 {[%emt 0:00:04]} Rb8 {[%emt 0:10:49]} 13. Nbc7+ {[%emt 0:00:34]} Kd7 {[%emt 0:00:21]} 14. Qh5 {[%emt 0:01:21]} Nd4 {[%emt 0:01:22]} 15. Qxf7+ {[%emt 0:03:16]} Be7 {[%emt 0:02:55]} 16. O-O {[%emt 0:08:35]} Qf8 {[%emt 0:09:26]} 17. Qh5 {[%emt 0:02:10]} Bd8 {[%emt 0:16:57]} 18. c3 {[%emt 0:15:17]} Nc6 {[%emt 0:00:43]} 19. exf5 {[%emt 0:05:45]} Bxc7 {[%emt 0:01:02]} 20. f6 {[%emt 0:01:32]} Nd8 {[%emt 0:09:12]} 21. Qg4+ {[%emt 0:07:16]} Ne6 {[%emt 0:00:18]} 22. Qa4+ {[%emt 0:05:36]} Kd8 {[%emt 0:00:07]} 23. Rad1 {[%emt 0:05:15]} Bb7 {[%emt 0:07:20]} 24. Nxc7 {[%emt 0:03:10]} Nxc7 {[%emt 0:02:37]} 25. c4 {[%emt 0:05:25]} Qxf6 {[%emt 0:03:42]} 26. Qb4 {[%emt 0:01:36]} Kd7 {[%emt 0:02:41]} 27. c5 {[%emt 0:02:36]} d5 {[%emt 0:03:24]} 28. Qa4+ {[%emt 0:01:42]} Bc6 {[%emt 0:00:26]} 29. Qg4+ {[%emt 0:00:12]} Ne6 {[%emt 0:00:47]} 30. Rd3 {[%emt 0:04:23]} Rbg8 {[%emt 0:02:42]} 31. Qh3 {[%emt 0:00:33]} Kc7 {[%emt 0:03:24]} 32. Ra3 {[%emt 0:04:48]} d4 {[%emt 0:01:08]} 33. Ra7+ {[%emt 0:01:50]} Kd8 {[%emt 0:03:43]} 34. Rc1 {[%emt 0:06:21]} Rxg2+ {[%emt 0:03:41]} 35. Qxg2 {[%emt 0:00:35]} Bxg2 {[%emt 0:00:08]} 36. c6 {[%emt 0:00:40]} Nc7 {[%emt 0:00:58]} 0-1

[Event "UKR-ch Women 2020"]
[Site "Kherson"]
[Date "2020.12.13"]
[Round "8.8"]
[White "Grineva, Marianna"]
[Black "Zinkevich, Julia"]
[Result "1-0"]
[WhiteElo "2001"]
[BlackElo "2178"]
[Annotator "NA"]
[PlyCount "87"]
[EventDate "2020.12.06"]
[EventType "swiss"]
[EventCountry "UKR"]
[SourceTitle "playchess.com"]
[Source "ChessBase"]
[SourceQuality "1"]
[TimeControl "40/5400+30:1800+30"]

1. e4 {[%emt 0:00:00]} e6 {[%emt 0:00:02]} 2. d4 {[%emt 0:00:00]} d5 {[%emt 0:00:04]} 3. Nd2 {[%emt 0:00:00]} dxe4 {[%emt 0:00:05]} 4. Nxe4 {[%emt 0:00:00]} Bd7 {[%emt 0:00:07]} 5. Nf3 {[%emt 0:01:57]} Bc6 {[%emt 0:01:31]} 6. Ng3 {[%emt 0:03:02]} Nd7 {[%emt 0:05:36]} 7. Bd3 {[%emt 0:03:49]} Ngf6 {[%emt 0:01:13]} 8. O-O {[%emt 0:02:01]} Be7 {[%emt 0:00:41]} 9. Re1 {[%emt 0:08:10]} O-O {[%emt 0:03:22]} 10. Qe2 {[%emt 0:10:41]} Bxf3 {[%emt 0:02:20]} 11. Qxf3 {[%emt 0:00:21]} c6 {[%emt 0:03:36]} 12. c3 {[%emt 0:06:28]} Re8 {[%emt 0:10:15]} 13. Bc2 {[%emt 0:04:58]} Qa5 {[%emt 0:06:33]} 14. Bb3 {[%emt 0:17:35]} Rad8 {[%emt 0:13:29]} 15. Bf4 {[%emt 0:06:22]} Nf8 {[%emt 0:08:39]} 16. Ne4 {[%emt 0:06:30]} Qf5 {[%emt 0:15:49]} 17. Nxf6+ {[%emt 0:03:47]} Qxf6 {[%emt 0:01:23]} 18. Qg3 {[%emt 0:03:22]} Qg6 {[%emt 0:03:55]} 19. Qe3 {[%emt 0:00:52]} Bd6 {[%emt 0:04:03]} 20. Bxd6 {[%emt 0:03:31]} Rxd6 {[%emt 0:00:04]} 21. Qe5 {[%emt 0:00:12]} Red8 {[%emt 0:02:47]} 22. Re3 {[%emt 0:01:37]} Qf6 {[%emt 0:00:44]} 23. Qa5 {[%emt 0:00:44]} a6 {[%emt 0:00:56]} 24. Rf3 {[%emt 0:02:03]} Qe7 {[%emt 0:01:26]} 25. Re1 {[%emt 0:01:15]} Ng6 {[%emt 0:04:35]} 26. g3 {[%emt 0:01:52]} Nf8 {[%emt 0:01:34]} 27. Re4 {[%emt 0:05:55]} Rb8 {[%emt 0:05:47]} 28. Ref4 {[%emt 0:01:05]} f6 {[%emt 0:01:12]} 29. Re4 {[%emt 0:00:57]} Re8 {[%emt 0:01:34]} 30. Rfe3 {[%emt 0:00:23]} Kh8 {[%emt 0:00:41]} 31. Qh5 {[%emt 0:01:32]} g6 {[%emt 0:00:22]} 32. Qe2 {[%emt 0:01:07]} Qd7 {[%emt 0:00:29]} 33. h4 {[%emt 0:01:58]} Kg7 {[%emt 0:00:22]} 34. Kg2 {[%emt 0:00:49]} a5 {[%emt 0:00:27]} 35. h5 {[%emt 0:00:51]} b6 {[%emt 0:00:48]} 36. hxg6 {[%emt 0:00:48]} hxg6 {[%emt 0:00:38]} 37. Rh4 {[%emt 0:00:21]} f5 {[%emt 0:00:34]} 38. Rh1 {[%emt 0:01:05]} Kf6 {[%emt 0:00:22]} 39. Qf3 {[%emt 0:00:26]} g5 {[%emt 0:00:40]} 40. Rh6+ {[%emt 0:00:00]} Ng6 {[%emt 0:00:00]} 41. Qh5 {[%emt 0:01:40]} Rg8 {[%emt 0:04:51]} 42. f4 {[%emt 0:04:26]} g4 {[%emt 0:09:40]} 43. Qg5+ {[%emt 0:02:25]} Kf7 {[%emt 0:00:07]} 44. Qxf5+ {[%emt 0:00:23]} 1-0

[Event "UKR-ch Women 2020"]
[Site "Kherson"]
[Date "2020.12.13"]
[Round "8.9"]
[White "Barchuk, Irina"]
[Black "Tsirulnik, Maritsa"]
[Result "1-0"]
[WhiteElo "2075"]
[BlackElo "2139"]
[Annotator "TA"]
[PlyCount "145"]
[EventDate "2020.12.06"]
[EventType "swiss"]
[EventCountry "UKR"]
[SourceTitle "playchess.com"]
[Source "ChessBase"]
[SourceQuality "1"]

{[%evp 9,145,-20,13,13,15,-5,9,0,1,-13,-11,-30,-6,-21,-9,-29,-20,-26,-39,-156,-77,-90,-77,-136,-136,-143,-131,-186,-181,-166,-48,-61,-62,-60,-11,-21,-14,-125,-126,-100,-93,-111,0,-37,-8,-8,-8,-8,0,-36,0,0,0,0,0,-6,110,110,183,206,183,142,131,123,346,346,317,278,408,399,754,740,677,0,146,0,686,688,678,663,751,741,571,252,376,376,372,372,368,366,352,347,372,358,385,376,376,376,376,376,357,357,4895,343,4895,4895,4895,4887,4887,4880,4873,4873,4866,4866,4858,4858,4071,4629,2973,2219,4858,3358,4844,3001,2387,2328,6413,6082,5487,5160,3172,3165,29952,29957,29974,29977,4922,4610]} 1. e4 c5 2. Nc3 Nc6 3. Nge2 d6 4. d3 Nf6 5. h3 a6 {[#]} 6. g4 $146 {B23: Closed Sicilian: Lines without g3.} ({Predecessor:} 6. g3 g6 7. Bg2 Bg7 8. O-O O-O 9. f4 Nd4 10. Be3 Qb6 11. Rb1 Be6 12. Qd2 Nxe2+ 13. Qxe2 Qa5 14. f5 Bd7 15. g4 Rab8 16. a3 b5 {½-½ (51) Krasnov,S (2007)-Lkhagvasuren,Z (1802) San Francisco 2014}) 6... b5 7. Ng3 b4 8. Nce2 {The position is equal.} h5 9. Bg2 {Threatens to win with e5!} e5 10. g5 h4 $1 {[%cal Rh4g3]} 11. Nf5 g6 12. Nxd6+ Bxd6 13. gxf6 Qxf6 14. f4 ({White should play} 14. a3 $15) 14... Ra7 (14... exf4 $142 {...f3 is the strong threat.} 15. e5 Bxe5 16. Bxf4 Bxb2) 15. O-O exf4 16. e5 (16. Bxf4 $142 Bxf4 17. Nxf4) 16... Bxe5 $17 17. Bxf4 Ne7 (17... Bxb2 18. Rb1 $15) 18. Be3 (18. Qe1 $17 {keeps fighting.}) 18... Qd6 $19 19. d4 {[#]} Nf5 ({Black should try} 19... cxd4 $1 $19 20. Nxd4 Rd7) 20. dxe5 $15 Qxd1 21. Bc6+ Bd7 (21... Qd7 {seems wilder.} 22. Bxd7+ Rxd7 23. Bxc5 Rh5 24. Bxb4 Rg5+) 22. Raxd1 Nxe3 23. Bxd7+ (23. Rxd7 $1 $11 Rxd7 24. Rf6) 23... Rxd7 $17 24. Rxd7 Kxd7 25. Rxf7+ $11 {[%mdl 4096] Endgame KRN-KRN} Kc6 ({Better is} 25... Ke6 $17 26. Rf3 Nxc2 27. Nf4+ Kxe5) 26. c3 Re8 27. cxb4 cxb4 28. e6 g5 29. Rf3 Nd1 30. b3 Kb6 31. Nd4 Kc5 32. Nc2 a5 (32... Rxe6 $11 33. Rf5+ Kb6) 33. Rf5+ $16 {[%mdl 64] Double Attack} Kb6 (33... Kd6 $16 {might work better.}) 34. Nd4 $18 ({Not} 34. Rxg5 Rxe6 35. Nd4 Re3 $15) 34... Nc3 35. Kf2 ({But not} 35. Rxg5 $6 Nxa2 36. Rb5+ Ka6) 35... Nxa2 36. Rb5+ Kc7 $2 (36... Ka6 $16) 37. Rxa5 ({Less strong is} 37. Rxg5 a4 $16) 37... Nc3 38. Ke3 g4 (38... Nb1 {was necessary.} 39. Rxg5 Nc3) 39. hxg4 Kd6 $2 (39... h3 40. Kf3 Rh8) 40. Nf5+ Kc6 41. Nd4+ $2 (41. Re5 $18 {and White stays clearly on top. And now e7 would win.} Nd5+ 42. Kf3) 41... Kd6 $16 42. Nf5+ $2 {[%mdl 8192]} (42. Kf2 $16) 42... Kc6 $18 43. Re5 h3 44. Kf3 Nd5 45. e7 Nc7 46. Ng7 (46. Kg3 $142) 46... h2 (46... Rg8 $142) 47. Kg2 Rg8 48. e8=Q+ {[%mdl 64] Promotion} Nxe8 49. Nxe8 Rxg4+ 50. Kxh2 {KRN-KR} Rg6 51. Kh3 Kd7 52. Re3 Kd8 {[#]} 53. Kh4 $1 Kd7 54. Kh5 Rg1 55. Nf6+ Kc6 $2 (55... Kd6 56. Rd3+ Kc6) 56. Kh4 $2 (56. Rd3 Kb5 57. Nd5) 56... Kc5 $2 (56... Kd6 57. Rd3+ Kc6) 57. Rd3 Kc6 58. Ne4 Re1 59. Ng3 Rc1 60. Ne2 Re1 61. Nd4+ {Cut Off at move 61} Kc5 62. Kg3 Rf1 63. Nf3 Rc1 64. Kf4 Rh1 65. Ke4 Rb1 66. Rd5+ Kb6 67. Nd4 Ka6 68. Kd3 Rc1 69. Nc2 Kb7 70. Nxb4 Rh1 71. Kc4 Rc1+ 72. Kb5 Rb1 73. Rd3 {Quite a comeback for White.  Weighted Error Value: White=0.62/Black=0.31} 1-0

[Event "UKR-ch Women 2020"]
[Site "Kherson"]
[Date "2020.12.13"]
[Round "8.10"]
[White "Gaponenko, Inna"]
[Black "Mashchenko, Tamila"]
[Result "1-0"]
[WhiteElo "2390"]
[BlackElo "1768"]
[Annotator "NA"]
[PlyCount "71"]
[EventDate "2020.12.06"]
[EventType "swiss"]
[EventCountry "UKR"]
[SourceTitle "playchess.com"]
[Source "ChessBase"]
[SourceQuality "1"]
[TimeControl "40/5400+30:1800+30"]

1. e4 {[%emt 0:00:00]} c5 {[%emt 0:00:00]} 2. Nf3 {[%emt 0:00:00]} d6 {[%emt 0:00:00]} 3. d4 {[%emt 0:00:00]} cxd4 {[%emt 0:00:00]} 4. Qxd4 {[%emt 0:00:00]} Nc6 {[%emt 0:00:00]} 5. Bb5 {[%emt 0:00:00]} Bd7 {[%emt 0:00:07]} 6. Bxc6 {[%emt 0:00:00]} Bxc6 {[%emt 0:00:01]} 7. Nc3 {[%emt 0:00:07]} Nf6 {[%emt 0:00:10]} 8. Bg5 {[%emt 0:00:06]} e6 {[%emt 0:00:25]} 9. O-O-O {[%emt 0:00:11]} Be7 {[%emt 0:00:33]} 10. Rhe1 {[%emt 0:00:08]} O-O {[%emt 0:00:38]} 11. Kb1 {[%emt 0:00:05]} Qa5 {[%emt 0:04:06]} 12. Qd2 {[%emt 0:00:30]} Qa6 {[%emt 0:31:09]} 13. Nd4 {[%emt 0:02:54]} Rfc8 {[%emt 0:05:54]} 14. f3 {[%emt 0:09:42]} b5 {[%emt 0:02:30]} 15. g4 {[%emt 0:10:23]} Rab8 {[%emt 0:13:23]} 16. Nce2 {[%emt 0:10:33]} b4 {[%emt 0:12:23]} 17. Ng3 {[%emt 0:06:24]} Qb7 {[%emt 0:06:09]} 18. Rg1 {[%emt 0:24:30]} a5 {[%emt 0:03:00]} 19. Nh5 {[%emt 0:23:03]} Ne8 {[%emt 0:00:31]} 20. Bxe7 {[%emt 0:01:17]} Qxe7 {[%emt 0:00:02]} 21. g5 {[%emt 0:00:31]} a4 {[%emt 0:05:48]} 22. Qf4 {[%emt 0:01:41]} g6 {[%emt 0:07:42]} 23. Nf6+ {[%emt 0:00:50]} Kg7 {[%emt 0:00:01]} 24. e5 {[%emt 0:05:07]} d5 {[%emt 0:06:10]} 25. Qh4 {[%emt 0:01:58]} h5 {[%emt 0:00:00]} 26. Nxh5+ {[%emt 0:00:23]} gxh5 {[%emt 0:00:15]} 27. Qxh5 {[%emt 0:00:02]} Kg8 {[%emt 0:01:11]} 28. Rg3 {[%emt 0:01:22]} Ng7 {[%emt 0:00:20]} 29. Qh6 {[%emt 0:00:05]} Qe8 {[%emt 0:01:15]} 30. Rh3 {[%emt 0:01:34]} Kf8 {[%emt 0:00:01]} 31. Qh8+ {[%emt 0:00:05]} Ke7 {[%emt 0:00:06]} 32. Qxg7 {[%emt 0:00:02]} b3 33. cxb3 {[%emt 0:00:27]} axb3 {[%emt 0:01:03]} 34. Qf6+ {[%emt 0:00:33]} Kd7 {[%emt 0:00:04]} 35. Rh7 {[%emt 0:00:12]} bxa2+ {[%emt 0:00:09]} 36. Ka1 {[%emt 0:00:04]} 1-0

[Event "UKR-ch Women 2020"]
[Site "Kherson"]
[Date "2020.12.14"]
[Round "9.1"]
[White "Buksa, Nataliya"]
[Black "Dubovyk, Anastasiia"]
[Result "1-0"]
[WhiteElo "2410"]
[BlackElo "1971"]
[Annotator "TA"]
[PlyCount "49"]
[EventDate "2020.12.06"]
[EventType "swiss"]
[EventCountry "UKR"]
[SourceTitle "playchess.com"]
[Source "ChessBase"]
[SourceQuality "1"]

{[%evp 10,49,12,7,45,44,52,47,95,48,58,58,63,52,74,71,74,64,127,121,214,272,270,268,343,267,372,385,882,889,832,802,1977,1942,1760,1228,1175,1135,29991,29992,29992,29993]} 1. e4 c5 2. c3 Nf6 3. e5 Nd5 4. Bc4 e6 5. d4 cxd4 6. cxd4 b6 {B22: Sicilian: 2 c3.} 7. Bxd5 exd5 8. Nc3 Bb7 {[#] White is slightly better.} 9. Qg4 $146 ({Predecessor:} 9. Nf3 d6 10. O-O Be7 11. Bf4 dxe5 12. Nxe5 O-O 13. Rc1 Nd7 14. Nxd7 Qxd7 15. a3 {½-½ (27) Afromeev,V (2405)-Chuiko,A (2320) Tula 2000}) 9... d6 10. Nf3 $1 h5 11. Qf4 Be7 12. O-O O-O 13. Qf5 g6 (13... dxe5 $14 14. Qxe5 (14. Nxe5 Nc6 $14) 14... Nd7 15. Qxh5 Nf6) 14. Qf4 $16 {Qh6 is the strong threat.} Qd7 (14... dxe5 $16 15. dxe5 d4 16. Nxd4 Qc7) 15. Qh6 $18 dxe5 16. dxe5 ({Worse is} 16. Nxe5 Qf5 $11) 16... Qf5 17. Ne2 Nc6 {[#]} 18. Ng3 $1 {[%cal Rg3f5]} Qe6 $2 (18... Qd7 19. Ng5 Bxg5 20. Bxg5 f6) 19. Ng5 Bxg5 20. Bxg5 {White threatens Bf6 and mate.} f5 {[#]} 21. Nxh5 $1 {[%csl Gh5][%cal Rh6g7][%mdl 576] Pin} Rf7 (21... gxh5 22. Qxe6+) 22. Nf6+ Rxf6 23. Bxf6 {[%csl Gf6][%cal Rh6g7]} Qd7 24. Qxg6+ Kf8 {[#]} 25. e6 $1 {Weighted Error Value: White=0.10/Black=0.93} 1-0

[Event "UKR-ch Women 2020"]
[Site "Kherson"]
[Date "2020.12.14"]
[Round "9.2"]
[White "Hrebenshchykova, Yelyzaveta"]
[Black "Babiy, Olga"]
[Result "1-0"]
[WhiteElo "2083"]
[BlackElo "2271"]
[Annotator "TA"]
[PlyCount "89"]
[EventDate "2020.12.06"]
[EventType "swiss"]
[EventCountry "UKR"]
[SourceTitle "playchess.com"]
[Source "ChessBase"]
[SourceQuality "1"]

{[%evp 11,89,18,20,13,33,46,36,9,21,9,10,12,20,0,2,-5,0,-12,0,0,31,31,61,58,35,35,42,37,75,67,113,98,89,105,148,148,165,164,153,160,127,80,67,21,16,18,146,19,114,80,83,81,98,93,108,45,228,139,137,137,255,227,234,194,202,202,258,120,255,250,213,230,825,717,744,654,2091,2056,1358,704]} 1. e4 c6 2. d4 d5 3. exd5 cxd5 4. c4 Nf6 5. Nc3 Nc6 6. Nf3 a6 7. Ne5 {B13: Caro-Kann: Exchange Variation and Panov-Botvinnik Attack.} Be6 (7... e6 {feels hotter.} 8. Nxc6 bxc6 9. Be2 dxc4 10. O-O Qc7) 8. Nxc6 bxc6 {[#]} 9. Qa4 $146 {White is slightly better.} ({Predecessor:} 9. c5 g6 10. Na4 Nd7 11. Be2 Bg7 12. O-O O-O 13. Be3 a5 14. a3 Rb8 15. Bf4 {1-0 (40) Jones,G (2670)-David,A (2428) Chess.com INT 2020}) 9... Qd7 10. Be2 g6 11. O-O Bg7 12. Bf3 O-O 13. Be3 Qb7 14. b3 Rfc8 15. h3 Nd7 16. cxd5 cxd5 17. Rac1 f5 18. Rc2 Nf6 19. Rfc1 Ne4 20. Nxe4 dxe4 21. Be2 Rxc2 22. Rxc2 a5 23. Rc5 Qb8 24. g3 ({But not} 24. Rxa5 $6 Rxa5 25. Qxa5 f4 $14) 24... Qd8 25. d5 Bf7 (25... Bxd5 $2 26. Rxd5 $1 {[%mdl 512]} Qf8 27. Rxa5 $18) 26. Bd2 Be5 ({Don't go for} 26... Bxd5 $2 {[#]} 27. Rxd5 $1 {[%mdl 512]} Qf8 28. Rxa5 $18) 27. Rxa5 Rxa5 28. Qxa5 Bc7 (28... Qxa5 $11 29. Bxa5 Bxd5) 29. Qb5 (29. Qc3 $16 Qxd5 30. Bg5) 29... Bxd5 (29... Qxd5 $11 30. Qxd5 Bxd5) 30. Bc4 e6 31. Be3 Bxc4 32. Qxc4 Kf7 33. Kg2 (33. a4 $16) 33... Bb8 $2 ({Better is} 33... Bb6 $14) 34. Qb5 Bc7 35. Qb7 {Strongly threatening Bf4.} Kg8 (35... Kf6 $16 {was called for.}) 36. Qc6 Kf7 37. b4 Be5 38. Qc5 Bb8 39. h4 (39. a4 $18) 39... Qd1 (39... Qd7 $16 40. a4 f4) 40. Qb6 $18 Bd6 41. Qb7+ Kf6 $2 (41... Kg8 42. Qb5 Qf3+ 43. Kg1 Qd1+ 44. Kh2 Qd5) 42. Bg5+ {White is clearly winning.} Ke5 43. Qb5+ Kd4 44. Bf6+ e5 {[#]} 45. Bxe5+ $1 {[%mdl 512] Weighted Error Value: White=0.24/Black=0.40} 1-0

[Event "UKR-ch Women 2020"]
[Site "Kherson"]
[Date "2020.12.14"]
[Round "9.3"]
[White "Hryzlova, Sofiia"]
[Black "Osmak, Iulija"]
[Result "1/2-1/2"]
[WhiteElo "2064"]
[BlackElo "2438"]
[Annotator "TA"]
[PlyCount "208"]
[EventDate "2020.12.06"]
[EventType "swiss"]
[EventCountry "UKR"]
[SourceTitle "playchess.com"]
[Source "ChessBase"]
[SourceQuality "1"]

{[%evp 12,208,29,27,29,36,26,25,22,15,38,2,22,0,0,0,0,-61,-70,-64,-63,-63,-39,-39,-27,-30,-43,-39,79,89,88,74,57,78,155,18,72,63,139,51,58,22,12,0,0,0,57,0,17,0,54,16,16,16,16,8,14,0,58,0,0,0,0,0,0,0,0,-3,-4,-120,-122,-122,-106,-114,-121,-129,-129,-129,-129,-128,-129,-129,-129,-129,-129,-129,-129,-129,-129,-129,0,-129,-102,-129,0,-5,-5,-5,-5,-5,-5,-5,-5,-8,0,0,0,0,0,0,0,0,0,0,0,0,0,0,0,0,0,0,0,0,0,0,0,0,0,0,0,0,0,0,0,0,0,0,0,-29973,-29974,-29976,-29977,-29976,-29969,-12851,0,0,0,0,0,0,0,0,0,0,0,0,0,0,0,0,0,0,0,0,0,0,0,0,0,0,0,0,0,0,0,0,0,0,0,0,0,0,0,0,0,0,0,0,0,0,0,0,0,0,0,0,0]} 1. c4 e6 2. g3 d5 3. Bg2 Nf6 4. Nf3 Be7 5. O-O O-O 6. b3 a5 7. Nc3 d4 {A14: English Opening: 1...e6 with b3 by White.} 8. Nb5 c5 {The modern move.} 9. e3 {[%cal Re3d4]} Nc6 {White has an edge.} 10. exd4 cxd4 11. d3 e5 12. Re1 Nd7 13. a3 f6 {[#]} 14. Rb1 $146 (14. Nd2 $11) ({Predecessor:} 14. Nh4 Nb6 15. f4 a4 16. b4 f5 17. fxe5 Bxh4 18. gxh4 Qxh4 19. e6 f4 20. Re4 {1-0 (30) Kourkounakis,I (2350)-Kotronias,V (2440) Athens 1987}) 14... Nc5 $15 15. b4 axb4 16. axb4 Nxb4 17. Rxb4 Nxd3 $1 18. Qxd3 Bxb4 19. Bd2 Qa5 {[#]} (19... Bc5 $15) 20. Rb1 $1 $36 {[%mdl 2048] White is in control.} Bxd2 21. Nxd2 Kh8 22. Bd5 {[%mdl 1024] White has compensation.} Rb8 (22... Qa6 $142) 23. Nf3 ({White should try} 23. Nd6 $16) 23... Qd8 (23... Bd7 $11) 24. Nh4 f5 (24... Bg4 $14) 25. f4 (25. Qe2 $16) 25... exf4 $1 $14 26. Nxd4 (26. Qd2 $5 {[%cal Rd2f4]}) 26... Qf6 27. Ng2 fxg3 28. hxg3 Ra8 (28... g5 $1 $11) 29. Rf1 ({Don't go for} 29. Bxb7 $2 Bxb7 30. Rxb7 Rad8 $19) (29. Nf4 $14) 29... Ra2 30. Qe3 b6 (30... g5 $11) 31. Nf3 Ra1 ({Much worse is} 31... Qb2 $6 32. Nf4 $16) 32. Rxa1 Qxa1+ 33. Kh2 {Black must now prevent Ne5.} Qf6 $1 34. Ne5 Be6 (34... g5 $11) 35. Bxe6 ({Better is} 35. Nf4 $14 Bg8 36. Nd7 Qh6+ 37. Kg2 Bxd5+ 38. cxd5) 35... Qxe6 $11 36. Nf4 Qd6 37. Nf3 Qc5 (37... Qh6+ {is interesting.} 38. Kg2 Qc6 39. Qe7 Qa8 40. Kh2 Qa2+) 38. Qxc5 bxc5 39. Ne5 Re8 40. Ned3 (40. Nfd3 $11 {keeps the balance.}) 40... Re4 $17 41. Nxc5 Rxc4 42. Nce6 Kg8 43. Kh3 Ra4 44. Nc5 Ra1 45. Nce6 Kf7 46. Kg2 Kf6 {And now ...g5 would win.} 47. Nf8 h6 48. N8g6 Re1 49. Kf2 Re4 50. Kf3 Re8 ({Black should play} 50... Ra4 $17 51. Ke3 Kg5) 51. Kf2 (51. Nh4 $1 $11 {was the only way to keep the balance.}) 51... Kg5 52. Kf3 h5 (52... Re1 $17 53. Ng2 Rf1+ 54. Ke2 Ra1) 53. Kg2 Kg4 {Strongly threatening ...Re3.} 54. Kf2 Re4 {...h4! is the strong threat.} 55. Ng2 Ra4 {Hoping for ...Ra2+.} 56. Ne5+ $1 Kg5 {With the idea ...Kf6.} (56... Kh3 $5 57. Nf4+ $8 {[%mdl 64] Double Attack} Kh2 $11) 57. Nf3+ Kf6 58. Nf4 Ra2+ 59. Kg1 g5 60. Nd5+ Ke6 61. Nc7+ {Cut Off at move 61} Kd6 62. Nb5+ Kc5 63. Nc7 $1 f4 64. Nxg5 fxg3 {Threatens to win with ...Kd4.} 65. Nce6+ Kd6 66. Ng7 Ke5 67. Nxh5 Kf5 68. Nxg3+ Kxg5 $11 {[%mdl 4096] Endgame KR-KN} 69. Nf1 Kg4 70. Nh2+ Kh3 71. Nf3 Kg3 72. Ne1 Rb2 73. Kf1 Rf2+ 74. Kg1 Rf8 75. Nd3 $2 {[%mdl 8192]} (75. Nc2 $11) 75... Kf3 76. Ne1+ Ke2 77. Ng2 {[#]} Rg8 $1 78. Kh2 Kf2 $2 (78... Kf3 $19 79. Ne1+ Ke2 80. Nc2 Rg4 81. Kh3 Ra4 82. Kg3 Kd2 83. Na1 Rxa1 84. Kf4 Ra5 85. Ke4 Kc3 86. Kf3 Kd3 87. Kf4 Rb5 88. Kg3 Ke3 89. Kg4 Ra5 90. Kg3 Ra4 91. Kg2 Rg4+ 92. Kh3 Kf3 93. Kh2 Rh4+ 94. Kg1 Rh5 95. Kf1 Rh1#) 79. Nh4 {The position is equal.} Rg3 80. Nf5 Rf3 81. Nh4 Ra3 82. Ng2 Ra4 83. Kh3 Ra1 84. Nh4 Rg1 85. Kh2 Rg3 86. Nf5 Rb3 87. Nh4 Ra3 88. Ng2 Kf3 89. Ne1+ Kg4 {( -> ...Re3)} (89... Ke2 {with more complications.} 90. Ng2 Kf2 91. Nh4 Ra5 92. Kh3 Rg5) 90. Kg1 Kg3 (90... Ra2 {feels hotter.} 91. Kf1 Rd2 92. Ng2 Kf5 93. Ne1 Ke4) 91. Kf1 Re3 92. Nc2 Re7 93. Ne1 Re8 94. Nd3 Kf3 95. Ne1+ Ke3 96. Ng2+ Kf3 97. Ne1+ Kg3 98. Nd3 Rd8 (98... Re3 {keeps more tension.} 99. Ne1 Re6 100. Nd3 Kf3 101. Ne1+ Ke3) 99. Ke2 Rd7 100. Ke3 Re7+ 101. Kd4 Re8 102. Ne5 Kf4 103. Nd3+ Kf5 104. Nc5 Rd8+ {Weighted Error Value: White=0.22/Black=0.21} 1/2-1/2